000 00597nam a22002297a 4500
001 86443
003 UA-OsUOA
005 20211016110141.0
007 ta
008 20120903b un ||||| |||| 00| 0 ukr d
040 _aUA-OsUOA
_brus
_cUA-OsUOA
_dUA-OsUOA
041 _arus
080 _a94(47+57)
090 _a94(47+57)
_bБ91
100 _aБурджалов Э.
245 _aИстория СССР: вторая четверть ХІХ века
260 _aМ.
_bПолитиздат
_c1946
300 _a225 с.
650 7 _a94 Історія
_2UDC
942 _cBK
_2udc
955 _a2
999 _c373057
_d373057